000 00437nam a2200145 4500
008 0 1965 0a 000 0MEX
050 _aQD151.2 J91
082 _a546 J863q
100 _aJu rez y Contreras, Clemente.
245 _aQuímica inorg nica elemental / Clemente Ju rez y Contreras
260 _aMéxico : IPN.
300 _a419p. / 24cm.
500 _aIncluye indice alfab‚tico.
650 _a1.QUIMICA INORGANICA
999 _c21139
_d21139